अलौकिक; असाधारण; असामान्य विचारसामर्थ्य कसे मिळवावे. (Record no. 264012)

MARC details
000 -LEADER
fixed length control field 00944nam a2200181Ia 4500
008 - FIXED-LENGTH DATA ELEMENTS--GENERAL INFORMATION
fixed length control field 090630s9999 xx 000 0 und d
082 ## - DEWEY DECIMAL CLASSIFICATION NUMBER
Item number 12156
100 ## - MAIN ENTRY--PERSONAL NAME
Personal name रघुवंशी रमेश.
245 ## - TITLE STATEMENT
Title अलौकिक; असाधारण; असामान्य विचारसामर्थ्य कसे मिळवावे.
Statement of responsibility, etc रघुवंशी रमेश.
260 ## - PUBLICATION, DISTRIBUTION, ETC. (IMPRINT)
Name of publisher, distributor, etc गजानन बुक डेपो मुंबई.
Date of publication, distribution, etc 1984
300 ## - PHYSICAL DESCRIPTION
Extent 83
600 ## - SUBJECT ADDED ENTRY--PERSONAL NAME
Personal name रघुवंशी रमेश.
630 ## - SUBJECT ADDED ENTRY--UNIFORM TITLE
Uniform title अलौकिक; असाधारण; असामान्य विचारसामर्थ्य कसे मिळवावे.
655 ## - INDEX TERM--GENRE/FORM
Genre/form data or focus term इतर.
700 ## - ADDED ENTRY--PERSONAL NAME
Personal name रघुवंशी रमेश.
730 ## - ADDED ENTRY--UNIFORM TITLE
Uniform title अलौकिक; असाधारण; असामान्य विचारसामर्थ्य कसे मिळवावे.
942 ## - ADDED ENTRY ELEMENTS (KOHA)
Koha item type Book
Holdings
Withdrawn status Lost status Damaged status Not for loan Home library Current library Date acquired Cost, normal purchase price Total Checkouts Full call number Barcode Date last seen Cost, replacement price Price effective from Koha item type
        Sarvajanik Wachanalaya Shrivardhan Sarvajanik Wachanalaya Shrivardhan   12.00   12156 SAWASHRI-12156 06/30/2009 12.00 06/30/2009 Book